000 00515nam a2200205Ia 4500
003 OSt
005 20230406122754.0
008 210423s2007 xx 000 0 und d
020 _a9780849385230
040 _cAL
041 _aeng
082 _a512.5 HOGL
_223
100 _aHOGBEN (Leslie),Ed.
_984471
245 _aHandbook of linear algebra.
260 _aBoca Raton
_bChapman & Hall
_c2007
300 _axxx,i-56
_bPB
365 _b3995
_cINR
906 _aalgebra. ; Handbook ; linear
942 _2ddc
_cBK
999 _c158977
_d158977